| 000 | 00822nab a2200253 u 4500 | ||
|---|---|---|---|
| 001 | 18949 | ||
| 003 | HDC | ||
| 007 | cr bn ---aaaaa | ||
| 008 | 210228c |r|noo 0 a d | ||
| 040 | _aHDC | ||
| 100 |
_aMendoza, Don, _eauthor _917615 |
||
| 245 | 0 |
_aAGROBAZAAR BRINGS MALAYSIA CLOSER / _cby Don Mendoza |
|
| 260 |
_a[No place] : _b[publisher not identified], _c2016 |
||
| 336 |
_atext _2rdacontent |
||
| 337 |
_acomputer _2rdamedia |
||
| 338 |
_aonline resource _2rdacarrier |
||
| 650 |
_aAgrobazaar _99787 |
||
| 650 |
_aHalal market _9582 |
||
| 710 | _aTODAY ONLINE | ||
| 856 | _zRequest full-text at [email protected] | ||
| 942 | _2lcc | ||
| 942 | _cNEWS | ||
| 942 | _kNWSO 009648 | ||
| 999 |
_c16265 _d16265 |
||